Word Ladder: Surfing the Web Quiz Stats

 Plays Quiz Updated Jul 31, 2018

Score 0/27 Timer 03:00
0 Plays Today
Hint Word % Correct
Coin featuring RooseveltDIME
92.9%
• Microsoft's search engine •• BING •
92.2%
____ in the blankFILL
92%
What Jack, Jill, and Humpty Dumpty didFELL
91.4%
Speak at the top of one's lungsYELL
91.1%
Gradually turns down the lightsDIMS
89.9%
Grasped in one's handsHELD
89.4%
• Site for restaurant & other reviews •• YELP •
88.8%
Kill a dragonSLAY
88.3%
Beatles album or songHELP
87.9%
Partner of shoulders, knees, and toesHEAD
87.8%
One of three, at a circusRING
86.9%
Chair or pew, e.g.SEAT
86.2%
Archeological excavationsDIGS
84.6%
Hint Word % Correct
• Website for news, based in NYC •• TIME •
84.2%
Item that can be attached to an emailFILE
83.9%
Fire featureHEAT
83.3%
Wood piece that supports plasterSLAT
81.8%
What's the point of a pitchfork?TINE
79.9%
• Website for online auctions and sales •• EBAY •
79.7%
Remote-control buttonPLAY
79%
Alternative to a jail sentenceFINE
76.4%
A roadmap of steps for an activityPLAN
67.5%
'The Avengers' star DianaRIGG
65.3%
• Website for links and news •• DIGG •
62.1%
Vigorous spiritELAN
53.6%
Israeli diplomat AbbaEBAN
52.5%

Today's Daily Dose

Missing Word
Celine Dion

Word Ladder
Dr. Seuss Books

Quick Pick
Cities in India

Get the Picture
'A' Actresses

You're not logged in!

Compare scores with friends on all Sporcle quizzes.
OR
Log In

Sporcle TV

Today on Sporcle TV


Watch our educational content, quiz creation guides, and fun videos on Sporcle TV.

Show Comments

Extras

Top Quizzes Today


Score Distribution

Your Account Isn't Verified!

In order to create a playlist on Sporcle, you need to verify the email address you used during registration. Go to your Sporcle Settings to finish the process.

Report this User

Report this user for behavior that violates our Community Guidelines.

Details: